00357nam a2200133Ia 4500008004100000020001800041041000800059082001200067100001400079245006100093260005000154300000900204500001000213220803s9999 xx 000 0 und d a9781908967008 aeng a729 COL aCollina L aReconnecting Cultures : The Architecture Of ROCCO Design aLondonbArtifice Books On Architecture.c2013 a238p aARCHI